[Event "XLIII Sevilla Open 2018"]
[Site "Sevilla"]
[Date "2018.01.15"]
[Round "4"]
[White "Santos Latasa, Jaime"]
[Black "Cortes Bueno, Jesus Javier"]
[Result "1-0"]
[WhiteElo "2546"]
[BlackElo "2159"]
[Annotator "TA"]
[PlyCount "61"]
[EventDate "2018.??.??"]
[EventType "swiss"]
[EventCountry "ESP"]
[SourceTitle "playchess.com"]
[Source "ChessBase"]
[SourceQuality "1"]

{[%evp 21,61,38,63,33,62,49,93,87,81,79,117,99,135,123,123,125,138,133,145,91,104,69,38,-46,177,150,151,129,255,183,379,356,508,491,29990,29991,29991,1053,29994,29994,29994,29995]} 1. e4 c5 2. Nf3 d6 3. d4 cxd4 4. Nxd4 Nf6 5. Nc3 Nc6 6. Bg5 e6 7. Qd2 a6 8. Nxc6 {B66: Sizilianisch (Richter/Rauser-Angriff)} bxc6 9. O-O-O Be7 10. Bxf6 gxf6 11. Bc4 Qa5 {LiveBook: 3 Partien} 12. Rhe1 Rb8 13. f4 {[#]} Qc5 $146 ({Vorgänger:} 13... Bd7 14. Qd3 Qb6 15. Bb3 Qf2 16. Rf1 Qxg2 17. Rd2 Qg4 18. Qxa6 f5 19. Qa7 Rd8 20. Kb1 {½-½ (20) Gharamian,T (2660)-Vovk,A (2611) Germany 2015}) 14. Bb3 a5 15. Kb1 {[%cal Bc1b1,Bb1a1,Ba1a2][%mdl 32]} Bd7 16. Ka1 Rb4 17. a3 Rb7 18. Re3 Rg8 19. Rh3 Rg7 20. Qe2 (20. Rd3 $142) 20... Kf8 21. Ka2 d5 $1 22. Rg3 (22. f5 $14) 22... Qb6 $2 (22... Rxg3 $15 {bleibt weiter vorne.} 23. hxg3 d4) 23. Rxg7 Kxg7 {[#]} 24. Rd3 $1 {[%cal Rd3g3]} Kf8 (24... Qd8 $16 {ist wohl besser.}) 25. Rg3 c5 $2 {[#]} (25... Bd6) 26. Qh5 $1 $18 {[%cal Rh5h6] Beabsichtigt Dh6+ und Matt.} Bd6 (26... Bd8 {ist eine bessere Verteidigung.}) 27. e5 {[%cal Be4e5,Be5d6][%mdl 32]} c4 (27... Bxe5 $18 28. fxe5 fxe5) 28. Qh6+ Ke7 29. Qxf6+ (29. Rg8 $142 cxb3+ 30. Ka1 Qg1+ 31. Nb1 Qxb1+ 32. Kxb1 bxc2+ 33. Kc1 Be8 34. Qf8+ Kd8 35. Qxd6+ Rd7 36. Qb8+ Ke7 37. Rxe8#) 29... Kf8 30. Nxd5 exd5 31. exd6 {Precision: Weiß = 67%, Schwarz = 19%.} 1-0

[Event "XLIII Sevilla Open 2018"]
[Site "Sevilla"]
[Date "2018.01.15"]
[Round "4"]
[White "Dvirnyy, Danyyil"]
[Black "Montero Melendez, Rafael"]
[Result "1-0"]
[WhiteElo "2534"]
[BlackElo "2384"]
[Annotator "TA"]
[PlyCount "105"]
[EventDate "2018.??.??"]
[EventType "swiss"]
[EventCountry "ESP"]
[SourceTitle "playchess.com"]
[Source "ChessBase"]
[SourceQuality "1"]

{[%evp 23,105,26,27,42,55,33,58,26,26,21,21,24,19,21,20,0,5,0,10,0,0,0,13,1,155,154,139,137,151,142,145,138,151,147,143,127,139,135,145,133,176,182,196,166,368,364,339,100,96,83,107,107,114,115,287,277,442,438,443,431,432,431,444,437,444,387,386,385,487,461,647,637,1078,647,1117,829,706,675,2124,2014,1714,1613,29988,29989]} 1. d4 d5 2. c4 c6 3. Nf3 Nf6 4. Nc3 dxc4 5. a4 Bf5 6. Ne5 e6 7. f3 c5 8. e4 {D17: Slav Defence: 5 a4 Bf5: Lines with 6 Nh4 and 6 Ne5} Bg6 9. Be3 cxd4 10. Qxd4 Qxd4 11. Bxd4 Nfd7 12. Nxd7 Nxd7 {LiveBook: 94 Games} 13. Bxc4 a6 14. h4 {h5 is the strong threat.} h6 15. Ke2 (15. Rd1 Rg8 {1-0 (30) Matlakov,M (2728)-Aronian,L (2799) Tbilisi 2017}) 15... Rc8 {[#]} 16. Bb3 $146 Bc5 17. Rad1 Bxd4 18. Rxd4 Ke7 19. Rhd1 Rhd8 20. Ke3 Nc5 (20... a5 {feels hotter.} 21. Rd6 Rc6 22. R6d2 Rcc8 23. Bc2 Nc5) 21. Ba2 (21. Rb4 {looks sharper.} f6 22. Rxd8 Rxd8 23. Bd1 Rd3+ 24. Ke2) 21... Rxd4 22. Rxd4 Nd7 23. Ne2 f6 $2 {[#]} ({Black should try} 23... a5 $11) 24. Bxe6 $1 $16 {[%mdl 512]} Be8 (24... Kxe6 25. Nf4+) 25. Bd5 b6 26. Nc3 Nc5 27. Ba2 Bc6 28. Rb4 Rb8 29. Nd5+ Bxd5 30. Bxd5 {[%mdl 4096] Endgame KRB-KRN} a5 31. Rc4 Kd6 32. b4 axb4 33. Rxb4 g5 $2 (33... Nd7 34. Kf4 g5+ 35. Kf5 gxh4) 34. hxg5 hxg5 {[#]} 35. Kd4 $2 (35. a5 $1 $18 {[%mdl 512] and the rest is easy.}) 35... Nd7 36. Rc4 {Hoping for Rc6+.} Ne5 37. Rc3 Rh8 38. g3 {[%cal Bg2g3,Bg3f4][%mdl 32] aiming for f4.} Rh2 $2 (38... Kd7 $16 {was called for.} 39. f4 gxf4) 39. f4 $18 gxf4 (39... Nd7 {is a better defense.} 40. Rc6+ Ke7 41. fxg5 fxg5) 40. gxf4 Nd7 41. Rc6+ Ke7 42. Re6+ Kd8 43. Bc6 Rd2+ 44. Ke3 Rd3+ 45. Ke2 Rd4 46. Kf3 f5 (46... Nc5 $142) 47. exf5 {[%cal Be4f5,Bf5f6][%mdl 32]} Nc5 48. Re8+ Kc7 49. Bb5 Rd6 50. Kg4 Nb3 51. Kg5 Nd4 52. f6 Ne6+ {[#]} 53. Rxe6 $1 {Precision: White = 56%, Black = 37%.} 1-0

[Event "XLIII Sevilla Open 2018"]
[Site "Sevilla"]
[Date "2018.01.15"]
[Round "4"]
[White "Xu, Yi"]
[Black "Estremera Panos, Sergio"]
[Result "1-0"]
[WhiteElo "2482"]
[BlackElo "2339"]
[Annotator "TA"]
[PlyCount "77"]
[EventDate "2018.??.??"]
[EventType "swiss"]
[EventCountry "ESP"]
[SourceTitle "playchess.com"]
[Source "ChessBase"]
[SourceQuality "1"]

{[%evp 22,77,28,27,22,25,16,20,27,21,27,17,19,21,22,22,23,16,25,9,156,5,12,0,0,0,6,0,0,-19,0,0,0,0,0,0,0,0,0,0,0,0,0,0,0,0,0,0,0,0,197,194,662,647,29983,29984,29979,798]} 1. e4 c5 2. Nf3 e6 3. d4 cxd4 4. Nxd4 Nf6 5. Nc3 Nc6 6. Nxc6 bxc6 7. e5 Nd5 8. Ne4 Qc7 9. f4 Qa5+ 10. c3 Be7 11. Bd3 {B45: Sicilian Four Knights} Ba6 (11... f5 12. exf6 Nxf6 13. Nxf6+ Bxf6 14. O-O Ba6 15. Bxa6 Qxa6 16. Be3 Qb5 17. Rf2 d5 18. Qg4 Kf7 {1-0 (41) Grischuk,A (2763)-Andreikin,D (2715) Moscow 2012}) 12. O-O {LiveBook: 4 Games} Qb6+ 13. Kh1 {The position is equal.} Bxd3 $146 ({Find the theoretical novelty and annotate with similar games:} 13... O-O 14. c4 f5 15. exf6 Nxf6 16. Ng5 h6 17. Nf3 d5 18. Qe2 c5 {1-0 (56) Sorcinelli,A (2127)-Corti,H (2109) LSS email 2014}) 14. Qxd3 f5 15. exf6 Nxf6 16. b3 Qb5 17. c4 Qf5 18. Nd6+ Bxd6 $1 19. Qxd6 {White wants to play Ba3.} Ne4 20. Qd4 {With the idea Re1.} O-O (20... Qf6 $11 21. Bb2 Qxd4 22. Bxd4 O-O) 21. Bb2 $2 {[#]} (21. Qxd7 $16 {Hoping for Bb2.} e5 22. Qxc6 exf4 23. Bxf4 (23. Rxf4 Qe5 $16)) 21... Rf7 $11 22. Rac1 c5 23. Qe3 d5 24. Rce1 a5 25. Qe2 h5 26. a4 Rb8 27. Rf3 Rb6 28. Be5 Rfb7 29. Kg1 Rxb3 {...Rb1 is the strong threat.} 30. Rxb3 Rxb3 31. cxd5 exd5 {Threatens to win with ...c4.} 32. Qd1 $1 {[%csl LRb3,LRd5]} Rb4 33. Qxd5+ Kh7 34. h3 Ng3 35. Kh2 h4 $2 (35... Ne4 $11 {and Black is okay.}) 36. Qd8 $40 {[%mdl 128] aiming for Bxg7! White has strong attack.} Qh5 $2 {[#]} (36... Nh5 37. Qxh4 Kg8 38. Qd8+ Kh7) 37. Bxg7 $1 {[%mdl 512]} Re4 (37... Kxg7 38. Re7+) 38. Rxe4 Nxe4 39. Qh8+ {Precision: White = 67%, Black = 55%.} 1-0

[Event "XLIII Sevilla Open 2018"]
[Site "Sevilla"]
[Date "2018.01.15"]
[Round "4"]
[White "Gomez Ledo, Roberto Carlos"]
[Black "Barrero Garcia, Carlos"]
[Result "1/2-1/2"]
[WhiteElo "2436"]
[BlackElo "2321"]
[Annotator "TA"]
[PlyCount "71"]
[EventDate "2018.??.??"]
[EventType "swiss"]
[EventCountry "ESP"]
[SourceTitle "playchess.com"]
[Source "ChessBase"]
[SourceQuality "1"]

{[%evp 11,71,3,15,12,11,4,4,6,18,8,9,8,33,34,33,-4,-5,0,13,5,14,13,29,22,18,18,19,21,31,25,38,37,48,16,137,46,96,55,45,37,35,52,82,69,93,0,0,0,30,0,0,-98,-94,-122,-122,-122,-122,-126,-120,-120,-120,-109]} 1. d4 Nf6 2. Bf4 g6 3. e3 Bg7 4. Nf3 O-O 5. Be2 d6 6. O-O Nh5 7. Bg5 {A48: 1 d4 Nf6 2 Nf3 g6: Torre, London and Colle Systems} h6 8. Bh4 g5 (8... Qe8 9. Nfd2 Nf6 10. c4 e5 11. Nc3 Nc6 12. Nb3 a6 13. Rc1 exd4 14. exd4 Ne7 {0-1 (49) Khismatullin,D (2632)-Petrosian,T (2601) Riadh 2017}) 9. Nfd2 {The position is equal.} gxh4 10. Bxh5 Nd7 11. c3 $146 ({Find the theoretical novelty and annotate with similar games:} 11. h3 e5 12. c3 f5 13. f4 Nf6 14. Be2 e4 {0-1 (31) Boudry,W (1965)-Havelka,J (2338) Rymanow Zdroj 2017}) 11... Kh8 12. f4 c5 13. Ne4 f5 14. Nf2 Rb8 15. Nd2 b5 16. Nf3 e6 17. e4 $36 {[%cal Be3e4,Be4e5][%mdl 2080] White has the initiative.} b4 18. e5 Bb7 19. Re1 (19. Qe2 {NOTEXT} bxc3 20. bxc3 dxe5 21. dxe5 Nb6 22. Rfd1) 19... bxc3 20. bxc3 Bxf3 21. Bxf3 (21. gxf3 h3 $1 $17 {[%mdl 512]}) 21... d5 22. c4 Rb4 (22... Nb6 $11) 23. Rc1 (23. cxd5 $16 Rxd4 24. Qc1 (24. dxe6 Nxe5 25. Qb3 Rxf4 $15)) 23... Qb6 24. a3 Rxc4 25. Rxc4 dxc4 26. d5 exd5 27. Bxd5 {Threatens to win with e6.} c3 28. Qc2 (28. e6 $16 Nf6 29. e7) 28... Qb2 $11 29. Rc1 Nb6 {[%cal Bd7b6,Bb6d5,Bd5f4,Bf4e2,Be2c1][%mdl 32]} 30. Be6 Re8 31. Bxf5 {[#]} (31. Bf7 $1 $11 {remains equal.} Rf8 32. Bh5) 31... Nd5 $1 $17 {Black is better.} 32. Bg6 Nxf4 33. Bxe8 Ne2+ 34. Kf1 Nxc1 35. Ba4 {[#]} Qxc2 $1 ({Not} 35... Qxa3 36. e6 $14) ({Much worse is} 35... Bxe5 $6 36. Qe4 $11) 36. Bxc2 {Precision: White = 56%, Black = 47%.} 1/2-1/2

[Event "XLIII Sevilla Open 2018"]
[Site "Sevilla"]
[Date "2018.01.15"]
[Round "4"]
[White "Starostits, Ilmars"]
[Black "Diaz Castro, Sergio"]
[Result "1-0"]
[WhiteElo "2431"]
[BlackElo "2263"]
[Annotator "TA"]
[PlyCount "63"]
[EventDate "2018.??.??"]
[EventType "swiss"]
[EventCountry "ESP"]
[SourceTitle "playchess.com"]
[Source "ChessBase"]
[SourceQuality "1"]

{[%evp 11,63,27,32,26,66,37,32,45,113,58,66,60,64,63,86,80,75,48,60,48,121,111,127,121,191,194,193,196,166,193,172,172,310,319,307,301,316,296,520,492,802,794,800,746,829,822,821,393,805,694,791,791,29976,29975]} 1. d4 d6 2. e4 g6 3. Nc3 Bg7 4. Be3 a6 5. Nf3 b5 6. Bd3 Nd7 {LiveBook: 83 Partien. B06: Moderne Verteidigung} 7. h4 (7. e5 e6 8. Ne4 d5 9. Ng3 c5 10. c3 Ne7 11. Qe2 Nc6 12. Qd2 c4 13. Bc2 a5 14. Bh6 {0-1 (34) So,W (2815)-Carlsen,M (2832) chess.com INT 2017}) 7... h6 8. e5 $146 {Droht stark Le4.} ({Vorgänger:} 8. a4 b4 9. Ne2 e5 10. h5 g5 11. Bc4 Ne7 12. a5 Bb7 13. Ng3 Nf6 14. dxe5 Nxe4 15. Nxe4 Bxe4 16. exd6 cxd6 {1-0 (36) Martinez Martin,D (2408)-Touzane,O (2339) Linares 2015}) 8... e6 {Weiß steht etwas besser.} 9. Bf4 d5 {[#]} (9... dxe5 $14 10. Nxe5 (10. dxe5 Nc5 $14) 10... Bb7) 10. Ne2 (10. b4 $1 $16) 10... c5 $14 {Und ...c4 würde nun gewinnen.} 11. c3 Ne7 12. Qd2 Qc7 13. Nh2 Qb6 14. h5 g5 15. Be3 Bb7 ({Günstiger ist} 15... cxd4 $14 16. cxd4 f5) 16. Ng4 $16 O-O-O 17. dxc5 Qc7 (17... Nxc5 $16 18. O-O Nf5) 18. a4 $18 Nxc5 19. Bxc5 Qxc5 20. axb5 axb5 21. b4 Qb6 {[#]} (21... Qc7 $142 22. Ra5 (22. Bxb5 Bxe5 23. Nxe5 Qxe5 $16) 22... Nc6) 22. Ra5 $1 Nc6 23. Rxb5 Qa7 24. O-O Kc7 $2 {[#]} (24... Nxe5 25. Nxe5 Bxe5) 25. Nd4 $1 {[%mdl 512]} Nxe5 (25... Nxd4 $142 26. cxd4 Ra8 27. Rc1+ Kd7) 26. Nxe5 Bxe5 27. Qe3 Bxd4 28. cxd4 Kd7 29. Rc5 (29. f4 $142 Rdf8 30. Rc5) 29... Qb6 $2 (29... Qb8 30. f4 gxf4 31. Rxf4 Ke7) 30. Qe5 Rc8 31. Rfc1 {zielt auf Lb5+ ab.} Qd6 32. Bb5+ {Precision: Weiß = 52%, Schwarz = 28%.} 1-0

[Event "XLIII Sevilla Open 2018"]
[Site "Sevilla"]
[Date "2018.01.15"]
[Round "4"]
[White "Campora, Daniel H"]
[Black "Kveinys, Aloyzas"]
[Result "1/2-1/2"]
[WhiteElo "2417"]
[BlackElo "2547"]
[Annotator "TA"]
[PlyCount "141"]
[EventDate "2018.??.??"]
[EventType "swiss"]
[EventCountry "ESP"]
[SourceTitle "playchess.com"]
[Source "ChessBase"]
[SourceQuality "1"]

{[%evp 9,141,0,0,0,0,0,5,8,20,20,35,25,36,23,59,52,56,27,34,45,34,41,36,14,21,12,16,10,14,0,0,0,-8,-8,-8,-8,0,0,0,-12,-10,-38,-41,-97,-85,-87,-83,-73,-27,-70,60,16,124,36,100,0,0,0,0,0,0,0,0,0,0,0,0,0,0,0,41,33,675,679,682,668,597,485,246,299,275,145,154,20,23,33,77,-43,-43,-45,117,121,525,517,614,651,627,584,731,658,1240,1359,1731,1789,2512,2155,29960,12381,29966,29967,29967,320,320,0,0,0,0,0,0,0,0,0,0,0,0,0,0,0,0,0,0,0,0,0]} 1. f4 d5 2. Nf3 g6 3. g3 c6 4. Bg2 Qb6 (4... Bg7 5. O-O Qb6+ 6. d4 Bf5 7. c3 Nd7 8. h3 Be4 9. Nbd2 Bxf3 10. Nxf3 Ngf6 11. Ne5 O-O 12. Qb3 Rfd8 13. Be3 Ne8 {½-½ (23) Kamsky,G (2702)-Polgar,J (2682) Baku 2010}) 5. a4 a5 {LiveBook: 4 Games} 6. e3 {A03: Bird's Opening with 1...d5} Bg7 7. d4 Nh6 8. O-O Nd7 $146 ({Predecessor:} 8... Nf5 9. b3 Nd7 10. c4 Nf6 11. Ne5 h5 12. Nc3 {1-0 (38) Movsziszian,K (2501)-Magem Badals,J (2557) Andorra 1999}) 9. c4 Nf6 10. Nc3 O-O 11. Ne5 {[%cal Rc4d5]} Rd8 12. h3 dxc4 13. g4 Nd5 14. Nxc4 Qa6 15. Nxd5 cxd5 16. Na3 f5 {[%cal Rf5g4]} 17. g5 Nf7 18. Nb5 {Threatens to win with Nc7.} Qb6 19. b3 Bd7 20. Nc3 e6 21. Ba3 Rac8 $36 {[%mdl 2048] Black is more active.} 22. Rc1 Bf8 23. Bxf8 Kxf8 24. Qc2 Nd6 {With the idea ...Qb4.} 25. Qa2 Qb4 26. Nb1 ({White should try} 26. Ne2 $15) 26... b5 $17 27. axb5 Bxb5 28. Rfd1 Ke7 29. Kh2 h6 (29... Ne4 $15) 30. gxh6 $14 Kf7 (30... Rh8 $11 {remains equal.}) 31. Rg1 ({Better is} 31. Nd2 $16) 31... Rh8 (31... Bd3 $14) 32. Rxc8 (32. Nd2 $1 $16) 32... Rxc8 $11 33. Bxd5 exd5 34. Qg2 Ke7 35. Qg5+ $1 ({But not} 35. Qxd5 Nf7 $17) (35. Qxg6 Rc2+ 36. Rg2 Rxg2+ 37. Qxg2 Nf7 $17) 35... Kd7 36. h7 Qxb3 37. Qxg6 Qxe3 38. Qg7+ Kc6 39. Qe5 Qxe5 40. fxe5 Nf7 $2 {[%mdl 8192]} (40... Rh8 $14 41. Rg6 Rxh7) 41. Nc3 $18 Nh8 42. Rg8 Ba6 43. Kg3 Kb7 44. Na4 {Nc5+ is the strong threat.} Bb5 {[#]} 45. Nb6 $1 {[%mdl 512]} Rb8 $16 {intending ...a4.} (45... Kxb6 46. Rxc8) 46. Nxd5 (46. e6 $16 a4 47. Nxd5) 46... Bc4 $1 $11 {[%cal Rc4d5]} 47. Rg7+ Ka6 $1 48. Ne3 ({White should play} 48. Nc3 $16) 48... Bb3 $15 49. d5 Rb4 $2 (49... Rb7 $15 {stays ahead.} 50. Nxf5 (50. Rxb7 Kxb7 51. d6 a4 $19) 50... Bxd5) 50. Nxf5 $16 Bxd5 $2 {[%mdl 8192] [#]} (50... Rb7 $16) 51. Rg8 $1 $18 {[%cal Rg8h8]} Rb3+ 52. Kh2 Rb2+ 53. Kg1 Rb1+ 54. Kf2 Rb2+ 55. Ke3 Nf7 56. Nd6 Rb3+ 57. Kd4 Rxh3 58. Nxf7 (58. Kxd5 $142 Rxh7 59. Ra8+ Kb6 60. Rb8+ Ka6 61. Rb7 Ng5 62. Rxh7 Nxh7 63. e6 Nf6+ 64. Kc6) 58... Rxh7 59. Kxd5 Rxf7 {[%mdl 4096] Endgame KR-KR} 60. e6 $2 (60. Kc6 {mates} Ka7 61. e6 Rb7 62. Kc5 Rh7 63. Rg5 Rh6 64. Re5 Rh8 65. e7 Rc8+ 66. Kb5) 60... Rb7 {[#]} 61. Kd6 $2 (61. Rc8 $1 $18 a4 62. Rc1) 61... Kb5 $11 {The position is equal.} 62. Rg1 {Threatening mate with Rb1+.} Ra7 63. Kd5 ({Don't play} 63. Rb1+ $6 Kc4 $14) 63... Kb4 64. Kd4 Kb3 65. Kd3 Kb2 66. Re1 {Hoping for e7.} Re7 67. Kc4 Kc2 68. Re2+ Kd1 69. Kd3 a4 70. Re5 a3 71. Ra5 {Precision: White = 51%, Black = 51%.} 1/2-1/2

[Event "XLIII Sevilla Open 2018"]
[Site "Sevilla"]
[Date "2018.01.15"]
[Round "4"]
[White "Aguera Naredo, Javier"]
[Black "Swapnil, S  Dhopade"]
[Result "1/2-1/2"]
[WhiteElo "2391"]
[BlackElo "2533"]
[Annotator "TA"]
[PlyCount "88"]
[EventDate "2018.??.??"]
[EventType "swiss"]
[EventCountry "ESP"]
[SourceTitle "playchess.com"]
[Source "ChessBase"]
[SourceQuality "1"]

{[%evp 31,88,6,13,0,0,0,0,0,5,11,16,0,8,8,29,29,30,15,16,14,16,0,0,0,0,0,0,0,0,0,0,0,0,0,0,0,0,0,18,0,0,0,0,0,0,0,0,0,0,0,0,0,0,0,0,0,0,0,12]} 1. e4 e5 2. Nf3 Nc6 3. Bb5 a6 4. Ba4 d6 5. c3 f5 6. exf5 Bxf5 7. O-O Bd3 8. Re1 Be7 9. Bc2 Bxc2 10. Qxc2 Nf6 11. d4 e4 12. Ng5 d5 13. f3 h6 {C74: Ruy Lopez: Deferred Steinitz: 5 c3 f5} 14. Nh3 O-O 15. Nd2 exf3 16. Nxf3 Qd7 {LiveBook: 7 Games} (16... Rf7 17. Nf2 Bd6 18. Bd2 Qf8 19. Ne5 Bxe5 20. dxe5 Nd7 21. Ng4 {½-½ (52) Fressinet,L (2657)-Stevic,H (2616) Heraklio 2017}) 17. Nf4 Bd6 18. Ng6 $146 ({Predecessor:} 18. Qg6 Rae8 19. Bd2 Bxf4 20. Bxf4 Ne4 21. Be5 {½-½ (21) Ioseliani,N (2275)-Nikolin,Z (2060) Jajce 1985}) 18... Rfe8 {...Rxe1+ is the strong threat.} 19. Bf4 Bxf4 20. Nxf4 Qg4 21. Ng6 {[%cal Bf4g6,Bg6e5,Be5d3,Bd3f2][%mdl 32]} Ne4 22. Nge5 Qe6 {[%cal Rc6e5]} 23. Nd3 Qd6 24. Nf2 {[%cal Rf2e4]} Nf6 {The position is equal.} 25. Qf5 Ne7 26. Qe6+ Qxe6 27. Rxe6 Nf5 28. Rae1 Rxe6 29. Rxe6 Re8 30. Rxe8+ Nxe8 $11 {[%mdl 4096] Endgame KNN-KNN} 31. Nd3 Ned6 32. Kf2 Ne4+ 33. Ke2 c6 34. Nfe5 Nfd6 35. Nd7 Kf7 36. N7c5 Ke7 37. Nxe4 Nxe4 {KN-KN} 38. Ke3 Kf6 39. Ne5 Nd6 40. Kf4 a5 41. Nd7+ Ke7 42. Nc5 Kf6 43. Nd7+ Ke7 44. Nc5 Kf6 {Precision: White = 54%, Black = 87%.} 1/2-1/2

[Event "XLIII Sevilla Open 2018"]
[Site "Sevilla"]
[Date "2018.01.15"]
[Round "4"]
[White "Bjerre, Jonas Buhl"]
[Black "Ulybin, Mikhail"]
[Result "1-0"]
[WhiteElo "2367"]
[BlackElo "2519"]
[Annotator "TA"]
[PlyCount "95"]
[EventDate "2018.??.??"]
[EventType "swiss"]
[EventCountry "ESP"]
[SourceTitle "playchess.com"]
[Source "ChessBase"]
[SourceQuality "1"]

{[%evp 37,95,22,22,31,48,30,52,46,61,53,58,-7,46,42,45,39,28,42,71,71,71,81,81,80,77,79,85,96,93,73,213,157,189,185,181,191,180,136,138,108,144,138,379,339,451,465,456,450,582,550,605,617,2068,2032,1783,1375,2145,1800,29958,12809]} 1. e4 e6 2. d4 d5 3. Nd2 Nf6 4. e5 Nfd7 5. Bd3 c5 6. c3 Nc6 7. Ne2 cxd4 8. cxd4 f6 9. Nf4 Nxd4 10. Qh5+ Ke7 11. exf6+ Nxf6 12. Ng6+ hxg6 13. Qxh8 Kf7 14. O-O e5 15. Nb3 Nxb3 {C06: French Tarrasch: 3...Nf6 4 e5 Nfd7 5 Bd3 main lines} 16. axb3 Bf5 (16... Be6 17. Bg5 Qb6 18. Bxf6 Kxf6 19. Rac1 e4 20. Bb1 Rd8 21. Qh4+ g5 22. Qh5 g6 23. Qe2 {0-1 (43) Socko,B (2587)-Tikkanen,H (2515) Stockholm 2016}) 17. Bxf5 gxf5 18. Bg5 Bc5 19. Qh3 Qd7 {LiveBook: 20 Games} 20. Bxf6 Kxf6 21. Rfe1 Qd6 $146 ({Predecessor:} 21... Qe6 22. b4 Bb6 23. Qh4+ {½-½ (48) Belka,W (2449)-Dorner,J (2420) ICCF email 2012}) 22. Qh4+ Kf7 23. Qh5+ Kg8 24. Rad1 ({Reject} 24. Qxf5 Rf8 $11) ({White should play} 24. Red1 $14) 24... Rf8 (24... e4 $11) 25. Rd3 $14 e4 26. Rh3 {Strongly threatening Qh7+.} Qf4 27. Rf1 e3 {[%cal Re3f2]} 28. Qh7+ Kf7 29. Rf3 $36 {[%mdl 2048] White is in control.} exf2+ 30. Kh1 Qe4 {[#]} 31. b4 $1 {[%cal Rb4c5]} Bd4 {Threatens to win with ...Ke7.} 32. Qxf5+ Qxf5 33. Rxf5+ $16 {[%mdl 4096] Endgame KRR-KRB} Bf6 (33... Ke7 $16 34. Rxd5 Bxb2) 34. R1xf2 {g4 is the strong threat.} ({Don't do} 34. R5xf2 $6 Rc8 $16) 34... Ke6 35. g4 Rc8 36. Re2+ Kd6 37. Rd2 Be5 38. Rf7 Rc1+ 39. Kg2 g5 $2 (39... Rc4 $16 {might work better.}) 40. Rf5 $18 Rc4 41. Rxg5 Rxb4 42. h4 {[%cal Bh2h4,Bh4h5,Bh5h6][%mdl 32]} a5 43. h5 a4 44. h6 {[#] And now Rxe5! would win.} ({Not} 44. Rg6+ Kc5 $16) 44... Rxb2 45. Rxb2 Bxb2 46. Rg8 a3 47. Ra8 b5 48. g5 {Precision: White = 83%, Black = 27%.} 1-0

[Event "XLIII Sevilla Open 2018"]
[Site "Sevilla"]
[Date "2018.01.15"]
[Round "4"]
[White "Pogorelov, Ruslan"]
[Black "Matamoros Franco, Carlos S"]
[Result "1/2-1/2"]
[WhiteElo "2358"]
[BlackElo "2484"]
[Annotator "TA"]
[PlyCount "59"]
[EventDate "2018.??.??"]
[EventType "swiss"]
[EventCountry "ESP"]
[SourceTitle "playchess.com"]
[Source "ChessBase"]
[SourceQuality "1"]

{[%evp 26,59,97,86,97,7,10,10,16,8,18,19,17,6,7,0,0,0,2,2,2,0,0,0,16,0,0,0,0,4,12,0,0,0,12,0]} 1. Nf3 Nf6 2. c4 g6 3. Nc3 Bg7 4. e4 d6 5. d4 O-O 6. Be2 e5 7. O-O Na6 8. Re1 c6 {[%cal Bc7c6,Bc6c5][%mdl 32]} 9. Bf1 Bg4 10. d5 c5 11. h3 Bd7 {E94: King's Indian: Classical: 6 Be2 e5 7 0-0: Various Black 7th moves} 12. a3 (12. Bg5 Kh8 13. Qd2 Rg8 14. Bd3 Qf8 15. Rf1 h6 16. Be3 Nh7 17. Nh2 f5 18. exf5 gxf5 19. f4 {½-½ (44) Gyimesi,Z (2624)-McShane,L (2605) Germany 2006}) 12... Kh8 13. Rb1 Ng8 14. b4 {LiveBook: 3 Games} b6 15. bxc5 $146 (15. Bg5 $16 f6 16. Bd2) ({Predecessor:} 15. Nb5 Qe7 16. Bg5 f6 17. Bh4 Nh6 18. Bd3 Nf7 19. Nh2 Bh6 20. Nf1 Bg5 {½-½ (20) Antoniewski,R (2350)-Szelag,M (2265) Augustow 1996}) 15... Nxc5 $11 {The position is equal.} 16. Be3 f5 17. Bxc5 bxc5 18. Bd3 Nf6 {[%cal Bg8f6,Bf6h5,Bh5f4][%mdl 32]} 19. Qc2 Nh5 20. Nd2 Bh6 21. Rb2 Qg5 {[#] Strongly threatening ...Nf4.} 22. Nf3 Qd8 23. Nh2 Nf4 24. Bf1 Qg5 25. Kh1 Rfb8 26. Reb1 Qd8 27. Rb7 Nh5 28. Bd3 Nf4 29. Bf1 Nh5 30. Bd3 {Precision: White = 50%, Black = 82%.} 1/2-1/2